Kvantové vlastnosti supratekutého hélia 4 /

Gespeichert in:
Bibliographische Detailangaben
1. Verfasser: Štefan Jánoš (Verfasst von)
Format: Buch
Sprache:Slowakisch
Veröffentlicht: Zohor Gerthofer 2019
Schlagworte:
Tags: Tag hinzufügen
Keine Tags, Fügen Sie das erste Tag hinzu!

MARC

LEADER 00000nam a22000003a 4500
001 0083890
003 SK-STU
005 20201022123858.7
007 ta
008 201022s ----xo-----e------000-0-----d
020 |a 978-80-89783-19-9 
040 |a STU  |b slo 
041 0 |a slo 
100 1 |a Štefan Jánoš  |4 aut 
245 1 0 |a Kvantové vlastnosti supratekutého hélia 4 /  |c aut. Štefan Jánoš 
260 |a Zohor  |b Gerthofer  |c 2019 
300 |a 90 s. 
650 0 7 |a kvantové vlastnosti 
996 |b 284J045902  |c J* 118744  |l JJSK  |s A  |a 24  |w 0083890_0001